000 00945nam a2200253Ia 4500
003 CO-CtgCURN
005 20250408173753.0
008 190722s2008 xx g 000 0 spa d
020 _a9789587114409
040 _aCO-CtgCURN
_bspa
_ccoctgcurn
082 _a340.1
_bF465
100 _aFierro-Méndez, Heliodoro
_92002
245 0 _aEl argumento y la fundamentación jurídica /
_cHeliodoro Fierro Méndez
260 _aBogotá, Colombia :
_bLeyer,
_c2008
300 _a690 páginas ;
_c23 centímetros
504 _aIncluye referencias bibliográficas
505 _apte. 1. La argumentacion juridica -- pte. 2. La fundamentacion juridica
521 _aAREA PROFESIONAL
590 _aPrograma de Derecho_18
650 _aArgumentación jurídica
_92003
942 _cBK
_h340.1
_iF465
_2ddc
_05
_n0
999 _c28083
_d28083